00838nas a2200229Ia 4500001001100000003000900011008004100020040001300061040001300074041001300087100004500100210001700145222001700162245008700179250001100266260003600277501008600313300001500399362004200414500011600456650003600572R020/42806IT-RoPAU151124c99999999xx |||||||||||| ||und|| aIT-RoPAU cIT-RoPAU aITALIANO aTurconi DavidegCodice Aut. SPICS: 301 aGRIFFITHIANA aGriffithiana aGRIFFITHIANA, ANNO 03-N.05/06 (MARZO-LUGLIO 1980)bSalsomaggiore Punto di Partenza a1a ed. aGENOVAbHUMOUDA ANGELO R.c1980 bPaulus - SPICS - Società San Paolo EM (non-commercial uses only)cCopyright2015 a3 p. [3-5] aANNO 003, N.05/06 (MARZO-LUGLIO 1980) aNote Introduttive Sulle Giornate di Salsomaggiore con Film di Griffith Durante la Sua Permanenza Alla Biograph. aCINEMAvPUBBLICAZIONE PERIODICA